Normal view
MARC view
- Coromant, Sandvik
Entry Personal Name
001 - CONTROL NUMBER
- control field: 42026
003 - CONTROL NUMBER IDENTIFIER
- control field: NUST
005 - DATE AND TIME OF LATEST TRANSACTION
- control field: 20210314132210.0
008 - FIXED-LENGTH DATA ELEMENTS
- fixed length control field: 210314|| aca||aabn | a|a d
040 ## - CATALOGING SOURCE
- Original cataloging agency: NUST
- Transcribing agency: NUST
100 ## - HEADING--PERSONAL NAME
- Personal name: Coromant, Sandvik
670 ## - SOURCE DATA FOUND
- Source citation: Work cat.: (NUST): Coromant, Sandvik, Pocket book of drill steel equipment, 1965
